000 00401pab a2200157 454500
008 180718b2004 xxu||||| |||| 00| 0 eng d
100 _aKrishna, S.N.
245 _aFiscal reforms in Karnataka
260 _c2004
300 _ap.894-96.
362 _a28 Feb
650 _aPublic finance - India - Karnataka
650 _aPublic finance
773 _aEconomic and Political Weekly
909 _a59843
999 _c59843
_d59843